000 00313nam a22001337a 4500
008 170622b xxu||||| |||| 00| 0 eng d
020 _a9780813342757
041 _aeng
080 _28TH
_a94
100 _a16
101 _aSHH
245 _aA CONCISE HISTORY OF THE MIDDLE EAST
_cGOLDSCHMIDT,A
942 _2udc
_cBK
999 _c18735
_d18735